000 00406nam a2200145Ia 4500
008 230704s9999 xx 000 0 und d
020 _a9789386006295
100 _aCLEMENT, I.
245 0 _aNURSING M.SC (SOLVED QUESTION PAPER ) 2ND YEAR NURSING MANAGEMENT
250 _a5TH
260 _bEMMESS MEDICAL PUBLISHERS, BANGALORE
_c2021
300 _a295
650 _aNusing Administration
942 _cBK
999 _c216107
_d216107